000 00963nam a22002891 4500
001 17738
003 BD-RjUL
005 20211209000202.0
008 140217s1947 nyu b 001 0 eng
035 _a(BD-RjUL)17796
035 _a(OCoLC)972295
040 _aDLC
_cOAkU
_dICIU
_dDLC
_dBD-RjUL
_beng
041 _aeng
082 _a810.9
_bWIL 1947
100 1 _aWitham, W. Tasker.
_954682
245 1 0 _aLiving American literature /
_cW. Tasker Witham.
260 _aNew York :
_bStephen Daye Press,
_cc1947.
300 _a2 v. in 1 (935 p.)
_bill., ports., facsims.
_c26 cm.
500 _aBook 1 also published separately.
504 _aBibliography: p. 363-364. and index.
505 0 _abook 1. Panorama of American literature.--book 2. Masterpieces of American literature.
650 0 _aAmerican literature
_xHistory and criticism.
_954683
650 0 _aAmerican literature.
_954684
942 _2ddc
_cBK
999 _c17738
_d17738